000
00300cam a22001097a 4500
008
180718b-- xxu||||| |||| 00| 0 eng d
082
_a
A45:U61 RT/Delhi
100
_a
Delhi Transport Corporation
245
_a
Annual report
260
_a
New Delhi
_b
The author
_c
--
500
_a
Library has 2001/02-2003/04
999
_c
502510
_d
502510